[Event "Titled Tuesday intern op 02nd Apr Late"]
[Site "Chess.com INT"]
[Date "2024.04.02"]
[Round "7"]
[White "Baskakov, Egor"]
[Black "Paravyan, David"]
[Result "0-1"]
[WhiteElo "2215"]
[BlackElo "2606"]
[PlyCount "150"]
[EventDate "2024.04.02"]
[EventType "swiss (blitz)"]
[EventRounds "11"]
[EventCountry "USA"]
[SourceTitle "CB15_2024"]
[SourceDate "2024.04.10"]
[SourceVersion "1"]
[SourceVersionDate "2024.04.10"]
[SourceQuality "1"]

1. e4 e5 2. Nc3 Nf6 3. g3 Bc5 4. Bg2 c6 5. Nge2 d5 6. exd5 cxd5 7. d4 exd4 8. Nxd4 0-0 9. 0-0 Bg4 10. Qd3 Bxd4 11. Qxd4 Nc6 12. Qc5 d4 13. Ne4 Nxe4 14. Bxe4 Re8 15. Bg2 Qd7 16. Bf4 Bh3 17. Bxh3 Qxh3 18. Rfe1 h6 19. Qd5 Rxe1+ 20. Rxe1 Rd8 21. Qb5 Qd7 22. Bd2 d3 23. cxd3 Qxd3 24. Re8+ Kh7 25. Qxd3+ Rxd3 26. Bc3 Rd7 27. h4 h5 28. Kg2 Kg6 29. Kf3 f6 30. Ke4 a6 31. f3 Rd1 32. g4 Rh1 33. gxh5+ Kf7 34. Rh8 Rxh4+ 35. Kd5 Nb4+ 36. Kd6 Nxa2 37. Ba5 Nb4 38. Bb6 Nd3 39. b3 Rb4 40. Bd8 Rd4+ 41. Kc7 Nc5 42. Kc8 Nxb3 43. h6 gxh6 44. Rxh6 Rd6 45. Bc7 Re6 46. Kxb7 Nc5+ 47. Kc8 Rc6 48. Kb8 Ne6 49. Ba5 Rc5 50. Be1 Rf5 51. Rh7+ Kg6 52. Ra7 Rxf3 53. Rxa6 Nc5 54. Rc6 Ne4 55. Ba5 Kh5 56. Bd8 f5 57. Bc7 Rd3 58. Kc8 Kg4 59. Rg6+ Kf3 60. Rg8 Rd5 61. Rf8 Ng5 62. Kb7 Ne6 63. Kc6 Nxc7 64. Rf7 f4 65. Rxc7 Rd1 66. Rf7 Ke3 67. Kc5 f3 68. Re7+ Kf2 69. Kc4 Kg2 70. Rg7+ Kf1 71. Kc3 f2 72. Kc2 Rd5 73. Rf7 Ke2 74. Re7+ Kf3 75. Rf7+ Ke3 0-1

[Event "Titled Tuesday intern op 02nd Apr Early"]
[Site "Chess.com INT"]
[Date "2024.04.02"]
[Round "2"]
[White "Baskakov, Egor"]
[Black "Teterev, Vitaly"]
[Result "1-0"]
[WhiteElo "2215"]
[BlackElo "2257"]
[PlyCount "65"]
[EventDate "2024.04.02"]
[EventType "swiss (blitz)"]
[EventRounds "11"]
[EventCountry "USA"]
[SourceTitle "CB15_2024"]
[SourceDate "2024.04.10"]
[SourceVersion "1"]
[SourceVersionDate "2024.04.10"]
[SourceQuality "1"]

1. e4 c5 2. Nf3 d6 3. d4 cxd4 4. Nxd4 Nf6 5. Nc3 a6 6. a4 Nc6 7. Nde2 e6 8. g3 Be7 9. Bg2 0-0 10. 0-0 Qc7 11. Nb1 Rb8 12. c4 b5 13. axb5 axb5 14. cxb5 Rxb5 15. Nbc3 Rb4 16. Ra2 Bb7 17. Bf4 Ne5 18. Qb1 Qc4 19. Rd1 Rc8 20. Rd4 Qb3 21. Qa1 Rxd4 22. Nxd4 Qb6 23. Ra4 Nd3 24. Be3 Nc5 25. Ra7 g6 26. Ndb5 Ng4 27. Bd4 e5 28. Bxc5 Rxc5 29. h3 Nxf2 30. Kh2 Rxb5 31. Nxb5 Qxb5 32. Qc1 Bf6 33. Qc7 1-0

[Event "Titled Tuesday intern op 02nd Apr Early"]
[Site "Chess.com INT"]
[Date "2024.04.02"]
[Round "10"]
[White "Rakotomaharo, Fy Antenaina"]
[Black "Baskakov, Egor"]
[Result "1-0"]
[WhiteElo "2448"]
[BlackElo "2215"]
[PlyCount "33"]
[EventDate "2024.04.02"]
[EventType "swiss (blitz)"]
[EventRounds "11"]
[EventCountry "USA"]
[SourceTitle "CB15_2024"]
[SourceDate "2024.04.10"]
[SourceVersion "1"]
[SourceVersionDate "2024.04.10"]
[SourceQuality "1"]

1. e4 c5 2. Nf3 Nf6 3. e5 Nd5 4. Nc3 e6 5. Ne4 Nc6 6. c4 f5 7. Nc3 Nde7 8. d4 cxd4 9. Nxd4 Nxe5 10. Be2 N7c6 11. 0-0 Bc5 12. Be3 Qe7 13. Nxf5 exf5 14. Nd5 Qd6 15. Bxc5 Qxc5 16. Nc7+ Kd8 17. Ne6+ 1-0

[Event "Titled Tuesday intern op 02nd Apr Early"]
[Site "Chess.com INT"]
[Date "2024.04.02"]
[Round "7"]
[White "Vaz, Ethan"]
[Black "Baskakov, Egor"]
[Result "1-0"]
[WhiteElo "2411"]
[BlackElo "2215"]
[PlyCount "113"]
[EventDate "2024.04.02"]
[EventType "swiss (blitz)"]
[EventRounds "11"]
[EventCountry "USA"]
[SourceTitle "CB15_2024"]
[SourceDate "2024.04.10"]
[SourceVersion "1"]
[SourceVersionDate "2024.04.10"]
[SourceQuality "1"]

1. e4 c5 2. c3 Nf6 3. e5 Nd5 4. d4 cxd4 5. cxd4 Nc6 6. Nf3 g6 7. Bc4 Nb6 8. Bb3 Bg7 9. 0-0 0-0 10. h3 d6 11. Bf4 Bf5 12. exd6 exd6 13. Nc3 Na5 14. Bc2 Bxc2 15. Qxc2 Rc8 16. Rfe1 Nd5 17. Bg5 Qd7 18. Rac1 h6 19. Bh4 Nxc3 20. bxc3 Rfe8 21. Rxe8+ Rxe8 22. Bg3 Nc4 23. Qb3 d5 24. Rb1 b6 25. Qb5 Qd8 26. Re1 Rxe1+ 27. Nxe1 Nd2 28. f3 Qe7 29. Qxd5 Qe2 30. Qa8+ Kh7 31. Qxa7 Nf1 32. Qc7 Nd2 33. Qxb6 Qf1+ 34. Kh2 Qe2 35. Qc7 h5 36. h4 Kg8 37. Qb8+ Kh7 38. Qf4 Nf1+ 39. Kg1 Nd2 40. a4 Qf1+ 41. Kh2 Qe2 42. a5 Kg8 43. Qb8+ Kh7 44. Qc7 Kg8 45. Kg1 Qf1+ 46. Kh2 Qe2 47. Qf4 Bf8 48. Qe5 Qc4 49. d5 Bg7 50. Qe8+ Kh7 51. d6 Nf1+ 52. Kh3 Nd2 53. d7 Qf1 54. d8Q Qh1+ 55. Bh2 Nf1 56. Qg8+ Kh6 57. Qg5# 1-0

[Event "Titled Tuesday intern op 12th Mar Late"]
[Site "Chess.com INT"]
[Date "2024.03.12"]
[Round "7"]
[White "Baskakov, Egor"]
[Black "Cofre Archibold, Nestor"]
[Result "1-0"]
[WhiteElo "2215"]
[BlackElo "2258"]
[PlyCount "113"]
[EventDate "2024.03.12"]
[EventType "swiss (blitz)"]
[EventRounds "11"]
[EventCountry "USA"]
[SourceTitle "CB12_2024"]
[SourceDate "2023.10.01"]
[SourceVersion "1"]
[SourceVersionDate "2023.10.01"]
[SourceQuality "1"]

1. e4 c5 2. Nf3 d6 3. d4 cxd4 4. Nxd4 Nf6 5. Nc3 g6 6. g3 Nc6 7. Nde2 Bd7 8. Bg2 Qc8 9. h3 h5 10. Nf4 Bg7 11. Ncd5 Ne5 12. Nxf6+ Bxf6 13. Nd5 Bg7 14. Bg5 f6 15. Be3 Kf7 16. Bd4 Be6 17. Ne3 Nc4 18. Nd5 Bxd5 19. exd5 f5 20. b3 Bxd4 21. Qxd4 Ne5 22. Qd2 Qc5 23. c3 h4 24. f4 Nd7 25. g4 Nf6 26. 0-0-0 a5 27. Kb1 Rac8 28. Rc1 fxg4 29. hxg4 Rc7 30. g5 Ng4 31. Bh3 Qe3 32. Qb2 Nf2 33. Be6+ Kf8 34. c4 Rh7 35. Rhe1 Qd3+ 36. Ka1 Qf3 37. Rf1 Nd3 38. Rxf3 Nxb2 39. Kxb2 Kg7 40. Rh1 b5 41. Kc3 bxc4 42. bxc4 Rb7 43. Rfh3 Rh8 44. Rxh4 Rxh4 45. Rxh4 Rb1 46. f5 gxf5 47. Bxf5 Rc1+ 48. Kd2 Rf1 49. Bd3 Rf2+ 50. Ke3 Rxa2 51. Rh7+ Kg8 52. Rxe7 a4 53. Bh7+ Kh8 54. g6 Rg2 55. Kf3 Rg1 56. c5 dxc5 57. d6 1-0

[Event "Titled Tuesday intern op 12th Mar Late"]
[Site "Chess.com INT"]
[Date "2024.03.12"]
[Round "10"]
[White "Baskakov, Egor"]
[Black "Sadovsky, Artem"]
[Result "1-0"]
[WhiteElo "2215"]
[BlackElo "2276"]
[PlyCount "101"]
[EventDate "2024.03.12"]
[EventType "swiss (blitz)"]
[EventRounds "11"]
[EventCountry "USA"]
[SourceTitle "CB12_2024"]
[SourceDate "2023.10.01"]
[SourceVersion "1"]
[SourceVersionDate "2023.10.01"]
[SourceQuality "1"]

1. e4 g6 2. g3 Bg7 3. Bg2 c6 4. Ne2 d5 5. exd5 cxd5 6. d4 Nc6 7. c3 Bg4 8. h3 Bxe2 9. Qxe2 e6 10. 0-0 Nge7 11. Nd2 h5 12. h4 0-0 13. Nf3 Nf5 14. Bf4 Nd6 15. Rfe1 Rc8 16. Ng5 Nc4 17. b3 Nd6 18. g4 hxg4 19. Qxg4 Ne7 20. Nxe6 fxe6 21. Qxe6+ Kh7 22. Bxd6 Rf6 23. Bxe7 Rxe6 24. Bxd8 Rxe1+ 25. Rxe1 Rxd8 26. Re7 Rc8 27. Bxd5 Rxc3 28. Rxb7 Kh6 29. Rxa7 Bxd4 30. Ra6 Rc1+ 31. Kg2 Rc2 32. Be4 Rxf2+ 33. Kg3 Rf6 34. Rxf6 Bxf6 35. b4 g5 36. hxg5+ Kxg5 37. Kf3 Bc3 38. b5 Kf6 39. Ke3 Ke5 40. Kd3 Ba5 41. Bf3 Kd6 42. Kc4 Kc7 43. Kc5 Bb6+ 44. Kb4 Kd6 45. a4 Bc5+ 46. Ka5 Kc7 47. Ka6 Kb8 48. a5 Kc7 49. b6+ Kb8 50. Kb5 Bd6 51. a6 1-0

[Event "Titled Tuesday intern op 12th Mar Late"]
[Site "Chess.com INT"]
[Date "2024.03.12"]
[Round "6"]
[White "Fishbein, Alexander"]
[Black "Baskakov, Egor"]
[Result "1-0"]
[WhiteElo "2387"]
[BlackElo "2215"]
[PlyCount "57"]
[EventDate "2024.03.12"]
[EventType "swiss (blitz)"]
[EventRounds "11"]
[EventCountry "USA"]
[SourceTitle "CB12_2024"]
[SourceDate "2023.10.01"]
[SourceVersion "1"]
[SourceVersionDate "2023.10.01"]
[SourceQuality "1"]

1. Nf3 Nf6 2. c4 e6 3. g3 d5 4. b3 Be7 5. Bg2 0-0 6. 0-0 c5 7. e3 Nc6 8. Bb2 b6 9. Nc3 Ba6 10. Qe2 Rc8 11. Nb5 Qd7 12. Rfd1 Rfd8 13. d4 cxd4 14. exd4 dxc4 15. bxc4 Qe8 16. Bc3 Na5 17. Bxa5 bxa5 18. a4 Bb4 19. Ne5 Bxb5 20. axb5 h6 21. Nc6 Rd6 22. Nxa7 Rc7 23. Nc6 Rcxc6 24. bxc6 Rxc6 25. Bxc6 Qxc6 26. d5 exd5 27. cxd5 Nxd5 28. Qe4 Ne7 29. Rd8+ 1-0

[Event "Titled Tuesday intern op 12th Mar Late"]
[Site "Chess.com INT"]
[Date "2024.03.12"]
[Round "11"]
[White "Teimouri Yadkuri, Shahdad"]
[Black "Baskakov, Egor"]
[Result "0-1"]
[WhiteElo "2151"]
[BlackElo "2215"]
[PlyCount "62"]
[EventDate "2024.03.12"]
[EventType "swiss (blitz)"]
[EventRounds "11"]
[EventCountry "USA"]
[SourceTitle "CB12_2024"]
[SourceDate "2023.10.01"]
[SourceVersion "1"]
[SourceVersionDate "2023.10.01"]
[SourceQuality "1"]

1. Nf3 Nf6 2. c4 e6 3. g3 d5 4. Bg2 Be7 5. 0-0 0-0 6. d4 Ne4 7. Nc3 f5 8. Qc2 c6 9. Be3 Bd7 10. Rad1 Be8 11. Ne5 Nd7 12. f3 Nxe5 13. dxe5 Nxc3 14. Qxc3 g5 15. f4 Bh5 16. Rd2 a5 17. a3 Rc8 18. Rfd1 b5 19. cxd5 cxd5 20. Qb3 b4 21. fxg5 Bxg5 22. h4 Be7 23. Bh6 Qb6+ 24. Kh2 Rfd8 25. Be3 Qb5 26. axb4 Bxb4 27. Rc2 a4 28. Rxc8 Rxc8 29. Qd3 Bxe2 30. Qxb5 Bxb5 31. Rd4 Bc5 0-1

[Event "Titled Tuesday intern op 13th Feb Late"]
[Site "Chess.com INT"]
[Date "2024.02.13"]
[Round "8"]
[White "Vlassov, Nikolai"]
[Black "Baskakov, Egor"]
[Result "1-0"]
[WhiteElo "2299"]
[BlackElo "2215"]
[PlyCount "35"]
[EventDate "2024.02.13"]
[EventType "swiss (blitz)"]
[EventRounds "11"]
[EventCountry "USA"]
[SourceTitle "CB08_2024"]
[SourceDate "2024.02.21"]
[SourceVersion "1"]
[SourceVersionDate "2024.02.21"]
[SourceQuality "1"]

1. e4 c5 2. c3 b6 3. d4 Bb7 4. Bd3 g6 5. Nf3 Bg7 6. 0-0 Nf6 7. e5 Nd5 8. Be4 Ne3 9. fxe3 Bxe4 10. Ng5 Bxb1 11. Nxf7 Qc7 12. Nxh8 Bf5 13. Qf3 Qc6 14. d5 Qb5 15. e4 Bxh8 16. exf5 Na6 17. d6 0-0-0 18. dxe7 1-0

[Event "Titled Tuesday intern op 16th Jan Early"]
[Site "Chess.com INT"]
[Date "2024.01.16"]
[Round "10"]
[White "Rozman, Levy"]
[Black "Baskakov, Egor"]
[Result "1-0"]
[WhiteElo "2322"]
[BlackElo "2215"]
[PlyCount "155"]
[EventDate "2024.01.16"]
[EventType "swiss (blitz)"]
[EventRounds "11"]
[EventCountry "USA"]
[SourceTitle "CB04_2024"]
[SourceDate "2023.10.16"]
[SourceVersion "1"]
[SourceVersionDate "2023.10.16"]
[SourceQuality "1"]

1. e4 e5 2. Nf3 Nc6 3. c3 d5 4. Qa4 Bd7 5. exd5 Nd4 6. Qd1 Nxf3+ 7. Qxf3 Nf6 8. Bc4 Bc5 9. d3 h6 10. Be3 Qe7 11. Nd2 0-0 12. h3 Rae8 13. 0-0 c6 14. Ne4 Nxe4 15. dxe4 Kh8 16. Rad1 f5 17. exf5 Bxf5 18. Qg3 Bd6 19. dxc6 bxc6 20. Rfe1 Rf6 21. Qh4 Qc7 22. Bd3 e4 23. Bc2 Rg6 24. Qh5 Rf8 25. Kh1 Bf4 26. Bc5 Rg5 27. Qh4 Re8 28. Be3 Bxe3 29. Rxe3 Bg6 30. Rde1 Rf8 31. Bxe4 Bxe4 32. Rxe4 Qb8 33. R4e2 Kh7 34. b3 Qb5 35. Qe4+ Kh8 36. c4 Qa5 37. Qc2 Rgf5 38. f3 Qd8 39. Qe4 Rf4 40. Qe3 Qh4 41. Qxa7 Rxf3 42. Qe7 Rf1+ 43. Rxf1 Rxf1+ 44. Kh2 Qf4+ 45. g3 Rf2+ 46. Rxf2 Qxf2+ 47. Kh1 Qf1+ 48. Kh2 Qf2+ 49. Kh1 Qxg3 50. Qe8+ Kh7 51. Qe4+ g6 52. Qg2 Qe1+ 53. Kh2 Qe5+ 54. Kg1 Qe1+ 55. Qf1 Qe3+ 56. Kg2 Qg5+ 57. Kh1 Qd2 58. Qf7+ Kh8 59. Qf6+ Kh7 60. Qf7+ Kh8 61. Qxg6 Qd1+ 62. Qg1 Qd3 63. Qg2 Qd1+ 64. Kh2 Qd6+ 65. Kg1 Qd1+ 66. Qf1 Qd2 67. Qf6+ Kh7 68. Qxc6 Qxa2 69. Qd7+ Kg6 70. Qd3+ Kg7 71. Qc3+ Kh7 72. c5 Qb1+ 73. Kf2 Qf5+ 74. Ke1 Qe4+ 75. Kd2 Qg2+ 76. Kc1 Qf1+ 77. Kb2 Kg8 78. Qc4+ 1-0